Idu yaru bareda kateyo mattu jala hagu ondu savina sutta (Record no. 134562)

MARC details
000 -LEADER
fixed length control field 01484nam a2200325Ia 4500
003 - CONTROL NUMBER IDENTIFIER
control field OSt
005 - DATE AND TIME OF LATEST TRANSACTION
control field 20251117100907.0
008 - FIXED-LENGTH DATA ELEMENTS--GENERAL INFORMATION
fixed length control field 210210b2007 xxu||||| |||| 00| 0 eng d
040 ## - CATALOGING SOURCE
Transcribing agency AL
041 ## - LANGUAGE CODE
Language code of text/sound track or separate title Kannada
082 ## - DEWEY DECIMAL CLASSIFICATION NUMBER
Classification number K894.3 VIVI
100 ## - MAIN ENTRY--PERSONAL NAME
Personal name VIVEKANADA KAMAT
Dates associated with a name ವಿವೇಕಾನಂದ ಕಾಮತ್
9 (RLIN) 245801
245 ## - TITLE STATEMENT
Title Idu yaru bareda kateyo mattu jala hagu ondu savina sutta
Remainder of title ಇದು ಯಾರು ಬರೆದ ಕಥೆಯೋ..’, ಜಾಲ ಮತ್ತು ಒಂದು ಸಾವಿನ ಸುತ್ತ
260 ## - PUBLICATION, DISTRIBUTION, ETC.
Place of publication, distribution, etc. Bengaluru
Name of publisher, distributor, etc. Not Mentioned
Date of publication, distribution, etc. 2007
300 ## - PHYSICAL DESCRIPTION
Extent 200
520 ## - SUMMARY, ETC.
Summary, etc. ಈ ಹೊತ್ತಿಗೆಯಲ್ಲಿ ಮೂರು ಕಿರು ಕಾದಂಬರಿಗಳಿವೆ. ‘ ಇದು ಯಾರು ಬರೆದ ಕಥೆಯೋ..’, ಜಾಲ ಮತ್ತು ಒಂದು ಸಾವಿನ ಸುತ್ತ. ಮೂರೂ ಕುತೂಹಲ ಮೂಡಿಸಿಕೊಂಡು ಓದಿಸಿಕೊಳ್ಳುವ ಮೂರೂ ಕಿರು ಕಾದಂಬರಿಗಳು ಹಂಸರಾಗ ಮಾಸ ಪತ್ರಿಕೆಯಲ್ಲಿ ಪ್ರಕಟವಾಗಿವೆ.
650 ## - SUBJECT ADDED ENTRY--TOPICAL TERM
Topical term or geographic name entry element yaru
9 (RLIN) 245802
650 ## - SUBJECT ADDED ENTRY--TOPICAL TERM
Topical term or geographic name entry element sutta
9 (RLIN) 245803
650 ## - SUBJECT ADDED ENTRY--TOPICAL TERM
Topical term or geographic name entry element savina
9 (RLIN) 245804
650 ## - SUBJECT ADDED ENTRY--TOPICAL TERM
Topical term or geographic name entry element ondu
9 (RLIN) 245805
650 ## - SUBJECT ADDED ENTRY--TOPICAL TERM
Topical term or geographic name entry element mattu
9 (RLIN) 245806
650 ## - SUBJECT ADDED ENTRY--TOPICAL TERM
Topical term or geographic name entry element kateyo
9 (RLIN) 245807
650 ## - SUBJECT ADDED ENTRY--TOPICAL TERM
Topical term or geographic name entry element jala
9 (RLIN) 245808
650 ## - SUBJECT ADDED ENTRY--TOPICAL TERM
Topical term or geographic name entry element Idu
9 (RLIN) 245809
650 ## - SUBJECT ADDED ENTRY--TOPICAL TERM
Topical term or geographic name entry element hagu
9 (RLIN) 245810
650 ## - SUBJECT ADDED ENTRY--TOPICAL TERM
Topical term or geographic name entry element bareda
9 (RLIN) 245811
690 ## - LOCAL SUBJECT ADDED ENTRY--TOPICAL TERM (OCLC, RLIN)
Topical term or geographic name as entry element Kannada Fiction
9 (RLIN) 245812
906 ## - LOCAL DATA ELEMENT F, LDF (RLIN)
a 063139
942 ## - ADDED ENTRY ELEMENTS (KOHA)
Source of classification or shelving scheme Dewey Decimal Classification
Koha item type Book
Holdings
Withdrawn status Lost status Source of classification or shelving scheme Damaged status Not for loan Collection code Home library Current library Shelving location Date acquired Source of acquisition Cost, normal purchase price Total Checkouts Full call number Barcode Date last seen Date last checked out Price effective from Koha item type
    Dewey Decimal Classification     Kannada St Aloysius Library St Aloysius Library   02/17/2021 Athree Book Centre,Mangalore 80.00 1 K894.3 VIVI 063139 08/23/2025 08/14/2025 02/17/2021 Book